Las 100 mejores canciones según Acclaimed Music - Estadísticas

Estadísticas generales
  • Esta prueba ha sido intentada 63 veces
  • La puntuación promedio es 13 de 100
Estadísticas de respuestas
# Artista Año Canción % Correcto
41 Queen 1975 Bohemian Rhapsody
69%
28 John Lennon 1971 Imagine
67%
11 Michael Jackson 1982 Billie Jean
56%
2 Nirvana 1991 Smells Like Teen Spirit
56%
48 The Beatles 1968 Hey Jude
52%
100 Oasis 1995 Wonderwall
44%
1 Bob Dylan 1965 Like a Rolling Stone
37%
10 The Rolling Stones 1965 (I Can't Get No)Satisfaction
35%
6 Aretha Franklin 1967 Respect
35%
88 Guns N' Roses 1987 Sweet Child O' Mine
35%
46 Gnarls Barkley 2006 Crazy
31%
72 Eagles 1976 Hotel California
31%
25 Led Zeppelin 1971 Stairway to Heaven
31%
37 Beyoncé ft. Jay-Z 2003 Crazy in Love
29%
79 The Mamasand the Papas 1965 California Dreamin'
27%
39 R.E.M. 1991 Losing My Religion
27%
94 Daft Punk ft.Pharrell Williams 2013 Get Lucky
23%
5 Chuck Berry 1958 Johnny B. Goode
23%
7 The Ronettes 1963 Be My Baby
21%
4 The Beach Boys 1966 Good Vibrations
21%
30 David Bowie 1977 "Heroes"
21%
23 The Beatles 1967 StrawberryFields Forever
21%
95 Elvis Presley 1969 Suspicious Minds
21%
3 The Beatles 1967 A Day in the Life
19%
32 Stevie Wonder 1972 Superstition
19%
45 The Jackson 5 1969 I Want You Back
17%
70 The Animals 1964 The House of the Rising Sun
17%
18 OutKast 2003 Hey Ya!
15%
38 The White Stripes 2003 Seven Nation Army
15%
59 The Verve 1997 Bitter Sweet Symphony
13%
40 Sex Pistols 1977 God Save the Queen
13%
82 Elvis Presley 1956 Hound Dog
13%
93 Lorde 2013 Royals
13%
56 David Bowie 1969 Space Oddity
13%
22 The Rolling Stones 1968 Sympathy for the Devil
13%
86 Sinéad O'Connor 1990 Nothing Compares 2 U
12%
50 Franz Ferdinand 2004 Take Me Out
12%
24 Little Richard 1955 Tutti Frutti
12%
19 Sex Pistols 1976 Anarchy in the U.K.
10%
80 Ramones 1976 Blitzkrieg Bop
10%
13 Bruce Springsteen 1975 Born to Run
10%
16 The Beach Boys 1966 God Only Knows
10%
61 Derek andThe Dominos 1970 Layla
10%
96 David Bowie 1971 Life on Mars?
10%
91 Kanye Westft. Pusha T 2010 Runaway
10%
57 Ben E. King 1961 Stand by Me
10%
55 The Smiths 1986 There Is a Light ThatNever Goes Out
10%
85 The Jimi HendrixExperience 1968 All Along the Watchtower
8%
34 The Rolling Stones 1969 Gimme Shelter
8%
12 Elvis Presley 1956 Heartbreak Hotel
8%
84 The Beatles 1963 I Want to Hold Your Hand
8%
53 The Doors 1967 Light My Fire
8%
64 Beck 1993 Loser
8%
15 Joy Division 1980 Love Will Tear Us Apart
8%
14 The Who 1965 My Generation
8%
20 M.I.A. 2007 Paper Planes
8%
36 The Kinks 1964 You Really Got Me
8%
21 The Clash 1979 London Calling
6%
43 The Jimi HendrixExperience 1967 Purple Haze
6%
8 Marvin Gaye 1971 What's Going On
6%
78 LCD Soundsystem 2007 All My Friends
4%
74 Robyn 2010 Dancing on My Own
4%
65 Public Enemy 1989 Fight the Power
4%
75 Beyoncé 2016 Formation
4%
51 Missy Elliott 2001 Get Ur Freak On
4%
77 The Rolling Stones 1968 Jumpin' Jack Flash
4%
58 The Byrds 1965 Mr. Tambourine Man
4%
17 Otis Redding 1968 (Sittin' On) TheDock of the Bay
4%
90 The Band 1968 The Weight
4%
60 Bill Haley andHis Comets 1954 (We're Gonna) RockAround the Clock
4%
68 Led Zeppelin 1969 Whole Lotta Love
4%
73 Jay-Z 2003 99 Problems
2%
29 Sam Cooke 1964 A Change IsGonna Come
2%
69 Kendrick Lamar 2015 Alright
2%
42 New Order 1983 Blue Monday
2%
33 Pulp 1995 Common People
2%
81 Martha andThe Vandellas 1964 Dancing in the Street
2%
89 Buffalo Springfield 1966 For What It's Worth
2%
99 James Brown 1970 Get Up (I Feel LikeBeing a) Sex Machine
2%
92 The Specials 1981 Ghost Town
2%
87 The Smiths 1984 How Soon Is Now?
2%
54 Donna Summer 1977 I Feel Love
2%
9 Marvin Gaye 1968 I Heard It Throughthe Grapevine
2%
76 Al Green 1971 Let's Stay Together
2%
44 The Kingsmen 1963 Louie Louie
2%
83 Grimes 2012 Oblivion
2%
66 Talking Heads 1980 Once in a Lifetime
2%
67 Radiohead 1997 Paranoid Android
2%
97 Four Tops 1966 Reach Out I'll Be There
2%
62 Ike and Tina Turner 1966 River Deep -Mountain High
2%
35 Billie Holiday 1939 Strange Fruit
2%
52 The Crickets 1957 That'll Be the Day
2%
98 Elvis Presley 1954 That's All Right
2%
26 Grandmaster Flashand The Furious Five 1982 The Message
2%
63 Massive Attack 1991 Unfinished Sympathy
2%
71 Lou Reed 1972 Walk on the Wild Side
2%
49 The Kinks 1967 Waterloo Sunset
2%
27 Ray Charles 1959 What'd I Say
2%
31 Prince and TheRevolution 1984 When Doves Cry
2%
47 The RighteousBrothers 1964 You've Lost ThatLovin' Feelin'
2%
No se encontraron pruebas coincidentes
Distribución de puntuación
Porcentaje de gente con cada puntuación
Porcentaje por número respondido
Historial de tus puntuaciones
No has intentado esta prueba.